CRACKING THE GRE 2013:PROVEN TECHNIQUES FOR A HIGHER SCORE (Record no. 34185)
[ view plain ]
| 000 -LEADER | |
|---|---|
| fixed length control field | 00296nam a22001217a 4500 |
| 020 ## - INTERNATIONAL STANDARD BOOK NUMBER | |
| International Standard Book Number | 9780307944726 |
| 100 ## - MAIN ENTRY--PERSONAL NAME | |
| Personal name | FRANEK, ROB |
| 245 ## - TITLE STATEMENT | |
| Title | CRACKING THE GRE 2013:PROVEN TECHNIQUES FOR A HIGHER SCORE |
| 260 ## - PUBLICATION, DISTRIBUTION, ETC. | |
| Place of publication, distribution, etc. | NEW YORK |
| Name of publisher, distributor, etc. | RANDOM HOUSE |
| Date of publication, distribution, etc. | 2013 |
| 300 ## - PHYSICAL DESCRIPTION | |
| Extent | 715P |
| 650 ## - SUBJECT ADDED ENTRY--TOPICAL TERM | |
| Topical term or geographic name entry element | GRE 2013 |
| 942 ## - ADDED ENTRY ELEMENTS (KOHA) | |
| Koha item type | Book |
| Withdrawn status | Lost status | Source of classification or shelving scheme | Damaged status | Not for loan | Permanent Location | Current Location | Shelving location | Date acquired | Total Checkouts | Total Renewals | Full call number | Barcode | Date last seen | Date last checked out | Price effective from | Koha item type |
|---|---|---|---|---|---|---|---|---|---|---|---|---|---|---|---|---|
| School of Mechanical & Manufacturing Engineering (SMME) | School of Mechanical & Manufacturing Engineering (SMME) | Book Bank | 08/02/2016 | 2 | 1 | 378.1662 | SMME-BB291 | 05/29/2024 | 09/13/2023 | 08/02/2016 | Book |
